Monosyllable Blitz Quiz Stats

 Plays Quiz Updated Sep 24, 2018

Also try: Rhymes with Cat
Challenge
Share
Tweet
Embed
Score 0/24 Timer 02:00
0 Plays Today
% Correct
June
90.6%
May
90.2%
Mars
87.1%
March
86.3%
Earth
85.2%
Bush
85%
Bush
85%
Maine
60.6%
Trump
58.4%
Ford
47.9%
Taft
46.2%
Polk
43.5%
% Correct
Gold
42.8%
France
36.6%
Spain
34.6%
Grant
31.9%
Chad
29.9%
Tin
26.8%
Lead
26.3%
Pierce
20.4%
Zinc
20.2%
Hayes
19.3%
Greece
16.2%
Laos
15.9%

You're not logged in!

Compare scores with friends on all Sporcle quizzes.
OR
Log In

You Might Also Like...

Show Comments

Extras

Top Quizzes Today


Score Distribution

Your Account Isn't Verified!

In order to create a playlist on Sporcle, you need to verify the email address you used during registration. Go to your Sporcle Settings to finish the process.

Report this User

Report this user for behavior that violates our Community Guidelines.

Details: